PISA 2015 Results Student's Financial Literacy

Saved in:
Bibliographic Details
Format: Book
Language:English
Published: Paris OECD 2017
Series:PISA
Subjects:
Tags: Add Tag
No Tags, Be the first to tag this record!

MARC

LEADER 00000nam a2200000 4500
001 0242642
005 20240314123409.2
020 |a 978-92-64-27023-7 
041 0 |a eng 
044 |a FR 
245 1 0 |a PISA 2015 Results  |b Student's Financial Literacy 
264 1 |a Paris  |b OECD  |c 2017 
300 |a 265 s. 
490 1 |a PISA 
830 0 |a PISA 
610 2 0 |a študenti 
610 2 0 |a vzdelávanie 
610 2 0 |a rovnoprávnosť 
610 2 0 |a gramotnosť finančná 
610 2 0 |a peniaze 
610 2 0 |a produkty 
610 2 0 |a banky 
610 2 0 |a účty bankové 
610 2 0 |a mládež 
610 2 0 |a úroveň vzdelanostná 
610 2 0 |a výskum 
610 2 0 |a ukazovatele 
610 2 0 |a porovnanie štatistické medzinárodné